000
00229nam a2200097Ia 4500
008
190216s9999||||xx |||||||||||||| ||und||
100
_a
Null
245
0
_a
Hindi-Adunikatha Or Rashtriyada
260
_b
Saraswathi Press
942
_c
BK
999
_c
17023
_d
17023